000 00493nam a2200181Ia 4500
005 20250508155023.0
008 008 250505s9999 xx 000 0 hin d
037 _aTextual
040 _aFEDL
_beng
_cFEDL
041 _ahin
_2eng
084 _a572, SHA
_qFEDL
100 _aSharma Rajeev Lochan
_9766584
245 0 _aJanjatiya jeevan aur sanskriti
260 _aKanpur, India
_bKitab Ghar
_c1967
300 _a285p.
942 _cTEXL
_h572, SHA
999 _c1353442
_d1353442